| 000 | 005100000a22002050004500 | ||
|---|---|---|---|
| 003 | LK-CoMWRAF | ||
| 005 | 20230830231900.0 | ||
| 008 | 230817t1987 ||||| |||| 00| 0 eng d | ||
| 020 | _a0710302207 | ||
| 040 |
_aLK-CoMWRAF _dLK-CoMWRAF _eLK-CoMWRAF |
||
| 041 | _aeng | ||
| 082 |
_a297.4 _bHAE |
||
| 100 | _aHaeri, Shaykh Fadhlalla | ||
| 245 | _aBeginning's End | ||
| 260 |
_aLondon: _bKPI, _c1987 |
||
| 300 | _axiii,180p. ; 23cm. | ||
| 650 | _aSUFISM | ||
| 650 | _a Religious life -- Shīʻah | ||
| 942 | _cBK | ||
| 999 |
_c966 _d966 |
||